Lucy Maud Montgomery Bibliography - Statistics

General Stats
  • This quiz has been taken 9 times
  • The average score is 10 of 318
Answer Stats
Type Year Name % Correct
Children's Novel 1908 Anne of Green Gables
100%
Children's Novel 1909 Anne of Avonlea
75%
Children's Novel 1936 Anne of Windy Poplars
75%
Children's Novel 1921 Rilla of Ingleside
75%
Children's Novel 1939 Anne of Ingleside
63%
Children's Novel 1915 Anne of the Island
63%
Children's Novel 1917 Anne's House of Dreams
63%
Children's Novel 1919 Rainbow Valley
63%
Short Story Collection 1912 Chronicles of Avonlea
38%
Children's Novel 1923 Emily of New Moon
38%
Children's Novel 1911 The Story Girl
38%
Children's Novel 1925 Emily Climbs
25%
Children's Novel 1927 Emily's Quest
25%
Children's Novel 2009 The Blythes Are Quoted
25%
Children's Novel 1913 The Golden Road
25%
Short Story 1904 A Fortunate Mistake
13%
Novel 1931 A Tangled Web
13%
Short Story 1914 Bessie's Doll
13%
Non-Fiction Book 1934 Courageous Women
13%
Short Story 1908 Four Winds
13%
Short Story Collection 1920 Further Chronicles of Avonlea
13%
Short Story 1906 In the Old Valley
13%
Children's Novel 1937 Jane of Lantern Hill
13%
Short Story 1899 Kismet
13%
Children's Novel 1929 Magic for Marigold
13%
Children's Novel 1935 Mistress Pat
13%
Short Story 1904 Mrs. March's Revenge
13%
Short Story 1904 Nan
13%
Children's Novel 1933 Pat of Silver Bush
13%
Autobiography 1974 The Alpine Path: The Story of My Career
13%
Novel 1926 The Blue Castle
13%
Short Story 1898 The Red Room
13%
Short Story Collection 1974 The Road to Yesterday
13%
Short Story 1917 Abel and His Great Adventure
0%
Short Story 1897 A Case of Trespass
0%
Short Story 1901 A Christmas Inspiration
0%
Short Story 1899 A Christmas Mistake
0%
Short Story 1905 A Correspondence and a Climax
0%
Short Story Collection 1995 Across the Miles: Tales of Correspondence
0%
Poem 1916 A Day in the Open
0%
Poem 1916 A Day Off
0%
Short Story 1903 After Many Days
0%
Short Story Collection 1991 After Many Days: Tales of Time Passed
0%
Short Story Collection 1993 Against the Odds: Tales of Achievement
0%
Short Story 1909 A Golden Wedding
0%
Short Story Collection 1988 Akin to Anne: Tales of Other Orphans
0%
Short Story 1909 Akin to Love
0%
Short Story Collection 1989 Along the Shore: Tales by the Sea
0%
Short Story 1907 A Millionaire's Proposal
0%
Poem 1916 Among the Pines
0%
Short Story Collection 1990 Among the Shadows: Tales from the Darker Side
0%
Short Story 1906 An Adventure on Rock Island
0%
Poem 1916 An April Night
0%
Poem 1916 An Autumn Evening
0%
Short Story 1900 An Invitation Given on Impulse
0%
Short Story 1908 Anna's Love Letters
0%
Short Story 1903 An Unconventional Confidence
0%
Short Story 1904 An Unpremeditated Ceremony
0%
Short Story 1903 A Patent Medicine Testimonial
0%
Short Story 1909 A Redeeming Sacrifice
0%
Poem 1916 A Request
0%
Short Story 1903 A Sandshore Wooing
0%
Poem 2019 A Shore Picture
0%
Poem 1916 A Shore Twilight
0%
Short Story 1915 A Soul that Was Not at Home
0%
Poem 2019 Assurance
0%
Poem 1916 As the Heart Hopes
0%
Short Story 1897 A Strayed Allegiance
0%
Short Story 1907 A Substitute Journalist
0%
Poem 1916 A Summer Day
0%
Short Story 1905 At Five O'Clock in the Morning
0%
Poem 1916 At Nightfall
0%
Short Story Collection 1994 At the Altar: Matrimonial Tales
0%
Short Story 1904 At the Bay Shore Farm
0%
Poem 1916 At the Long Sault
0%
Short Story 1907 Aunt Caroline's Silk Dress
0%
Short Story 1903 Aunt Cyrilla's Christmas Basket
0%
Short Story 1915 Aunt Philippa and the Men
0%
Short Story 1905 Aunt Susanna's Birthday Celebration
0%
Short Story 1907 Aunt Susanna's Thanksgiving Dinner
0%
Poem 1916 A Winter Dawn
0%
Poem 1916 A Winter Day
0%
Poetry Collection 2019 A World of Songs: Selected Poems, 1984-1921
0%
Poem 1916 Before Storm
0%
Short Story 1905 Bertie's New Year
0%
Short Story 1905 Between the Hill and the Valley
0%
Poem 1916 By an Autumn Fire
0%
Short Story 1908 By Grace of Julius Caesar
0%
Short Story 1911 Charlotte's Ladies
0%
Short Story 1909 Christmas at Red Butte
0%
Short Story Collection 1995 Christmas with Anne and Other Holiday Stories
0%
Short Story 1906 Clorinda's Gifts
0%
Poem 1916 Come, Rest Awhile
0%
Poem 1916 Companioned
0%
Short Story 1905 Cyrilla's Inspiration
0%
Short Story 1902 Davenport's Story
0%
Short Story 1897 Detected by the Camera
0%
Short Story 1906 Dorinda's Desperate Deed
0%
Poem 1916 Down Home
0%
Poem 1916 Down Stream
0%
Poem 2019 Do You Remember?
0%
Poem 1916 Echo Dell
0%
Short Story 1904 Elizabeth's Child
0%
Short Story 1903 Emily's Husband
0%
Short Story 1907 Fair Exchange and No Robbery
0%
Poem 1916 Fancies
0%
Poem 1916 Forever
0%
Poem 1916 For Little Things
0%
Short Story 1904 Freda's Adopted Grave
0%
Poem 1916 Genius
0%
Poem 1916 Gratitude
0%
Poem 1916 Harbor Dawn
0%
Poem 1916 Harbor Moonrise
0%
Short Story 1905 Her Own People
0%
Short Story 1904 How Don Was Saved
0%
Short Story 1913 How We Went to the Wedding
0%
Short Story 1905 Ida's New Year Cake
0%
Poem 2019 If I Had Known
0%
Poem 2019 If Love Should Come
0%
Poem 1916 If Mary Had Known
0%
Poem 2019 I Have Buried My Dead
0%
Poem 1916 In an Old Farmhouse
0%
Poem 2019 In an Old Garden
0%
Poem 1916 In an Old Town Garden
0%
Poem 1916 In Lovers' Lane
0%
Poem 1916 In Memory of Maggie
0%
Poem 1916 In Port
0%
Short Story 1896 In Spite of Myself
0%
Poem 1916 In the Days of the Golden Rod
0%
Poem 2019 Irrevocable
0%
Poem 2019 I Would Be Well
0%
Short Story 1906 Jane Lavinia
0%
Short Story 1909 Jessamine
0%
Novel 1910 Kilmeny of the Orchard
0%
Short Story 1900 Lillian's Business Venture
0%
Journal Collection 2016 L.M. Montgomery's Complete Journals: The Ontario Years, 1911-1917
0%
Journal Collection 2017 L.M. Montgomery's Complete Journals: The Ontario Years, 1918-1921
0%
Journal Collection 2018 L.M. Montgomery's Complete Journals: The Ontario Years, 1922-1925
0%
Journal Collection 2018 L.M. Montgomery's Complete Journals: The Ontario Years, 1926-1929
0%
Poem 2019 Longing
0%
Poem 1916 Love's Prayer
0%
Short Story Collection 2008 Lucy Maud Montgomery Short Stories: 1896 to 1901
0%
Short Story Collection 2008 Lucy Maud Montgomery Short Stories: 1902 to 1903
0%
Short Story Collection 2008 Lucy Maud Montgomery Short Stories: 1904
0%
Short Story Collection 2008 Lucy Maud Montgomery Short Stories: 1905 to 1906
0%
Short Story Collection 2008 Lucy Maud Montgomery Short Stories: 1907 to 1908
0%
Short Story Collection 2008 Lucy Maud Montgomery Short Stories: 1909 to 1922
0%
Short Story 1905 Mackereling Out in the Gulf
0%
Short Story 1907 Marcella's Reward
0%
Short Story 1908 Margaret's Patient
0%
Short Story 1908 Matthew Insists on Puffed Sleeves
0%
Poem 1916 Memory Pictures
0%
Poem 1916 Midnight in Camp
0%
Short Story 1905 Millicent's Double
0%
Short Story 1903 Min
0%
Short Story 1901 Miriam's Lover
0%
Short Story 1900 Miss Calista's Peppermint Bottle
0%
Short Story 1903 Miss Cordelia's Accommodation
0%
Short Story 1904 Miss Madeline's Proposal
0%
Short Story 1904 Miss Sally's Company
0%
Short Story 1910 Miss Sally's Letter
0%
Short Story 1907 Missy's Room
0%
Poem 1916 Morning Along Shore
0%
Letter Collection 1980 My Dear Mr. M: Letters to G.B. MacMillan from L.M. Montgomery
0%
Short Story 1915 My Lady Jane
0%
Poem 1916 My Legacy
0%
Poem 1916 My Longshore Lass
0%
Poem 2019 My Pictures
0%
Short Story 1904 Natty of Blue Point
0%
Short Story 1903 Ned's Stroke of Business
0%
Poem 2019 Night Watches
0%
Poem 1916 November Evening
0%
Poem 1916 Off to the Fishing Ground
0%
Poem 2019 Omega
0%
Poem 1916 One of the Shepherds
0%
Poem 1916 On the Bay
0%
Poem 2019 On the Bridge
0%
Poem 1916 On the Hills
0%
Short Story 1903 Our Runaway Kite
0%
Poem 2019 Our Women
0%
Poem 1916 Out O' Doors
0%
Short Story 1904 Penelope's Party Waist
0%
Poem 1916 Rain Along Shore
0%
Poem 2019 Rain in the Woods
0%
Poem 1916 Rain on the Hill
0%
Poem 1916 Realization
0%
Short Story 1909 Robert Turner's Revenge
0%
Poem 1916 Sea Sunset
0%
Poem 1916 September
0%
Poem 1916 Song of the Sea-Wind
0%
Poem 1916 Spring Song
0%
Poem 1916 Sunrise Along Shore
0%
Short Story 1907 Ted's Afternoon Off
0%
Short Story 1906 The Blue North Room
0%
Poem 2019 The Book
0%
Poem 1916 The Bridal
0%
Short Story 1903 The Bride Roses
0%
Poem 1916 The Call
0%
Poem 1916 The Call of the Winds
0%
Poem 1916 The Choice
0%
Poem 1916 The Christmas Night
0%
Short Story 1905 The Christmas Surprise at Enderly Road
0%
Journal Collection 2012 The Complete Journals of L.M. Montgomery: The PEI Years, 1889-1900
0%
Journal Collection 2013 The Complete Journals of L.M. Montgomery: The PEI Years, 1901-1911
0%
Poem 1916 The Difference
0%
Short Story 1906 The Dissipation of Miss Ponsonby
0%
Short Story 1908 The Doctor's Sweetheart
0%
Short Story Collection 1979 The Doctor's Sweetheart and Other Stories
0%
Short Story 1907 The End of the Young Family Feud
0%
Poem 1916 The Exile
0%
Short Story 1906 The Falsoms' Christmas Dinner
0%
Short Story 1909 The Fillmore Elderberries
0%
Short Story 1912 The Finished Story
0%
Poem 2019 The Fir Lane
0%
Poem 1916 The Forest Path
0%
Short Story 1905 The Fraser Scholarship
0%
Poem 2019 The Gable Window
0%
Poem 1916 The Garden in Winter
0%
Short Story 1918 The Garden of Spices
0%
Short Story 1907 The Genesis of the Doughnut Club
0%
Short Story 1915 The Girl and the Photograph
0%
Short Story 1904 The Girl and The Wild Race
0%
Short Story 1906 The Girl at the Gate
0%
Short Story 1908 The Girl Who Drove the Cows
0%
Short Story 1910 The Gossip of Valley View
0%
Poem 2019 The Gray Silk Gown
0%
Letter Collection 1960 The Green Gables Letters from L.M. Montgomery to Ephraim Weber, 1905-1909
0%
Short Story 1908 The Growing Up of Cornelia
0%
Poem 1916 The Gulls
0%
Poem 1916 The Hill Maples
0%
Short Story 1906 Their Girl Josie
0%
Short Story 1901 The Jest that Failed
0%
Short Story 1902 The Josephs' Christmas
0%
Poem 2019 The Last Prayer
0%
Short Story 1910 The Letters
0%
Short Story 1909 The Life-Book of Uncle Jesse
0%
Short Story 1906 The Light on the Big Dipper
0%
Short Story 1909 The Little Black Doll
0%
Writings Collection 2013 The L.M. Montgomery Reader, Volume 1: A Life in Print
0%
Poem 2019 The Lover's Catechism
0%
Short Story 1903 The Magical Bond of the Sea
0%
Short Story 1914 The Man on the Train
0%
Short Story 1902 The Martyrdom of Estella
0%
Short Story 1904 Them Notorious Pigs
0%
Poem 1916 The Mother
0%
Short Story 1903 The Old Chest at Wyther Grange
0%
Short Story 1907 The Old Fellow's Letter
0%
Poem 1916 The Old Home Call
0%
Poem 1916 The Old Man's Grave
0%
Poem 1916 The One Hated
0%
Short Story 1903 The Osborne's Christmas
0%
Short Story 1907 The Parting of the Ways
0%
Short Story 1900 The Pennington's Girl
0%
Poem 1916 The Poet
0%
Poetry Collection 1987 The Poetry of Lucy Maud Montgomery
0%
Poem 1916 The Poet's Thought
0%
Poem 1916 The Prisoner
0%
Short Story 1906 The Prodigal Brother
0%
Short Story 1904 The Promise of Lucy Ellen
0%
Short Story 1907 The Promissory Note
0%
Short Story 1904 The Pursuit of the Ideal
0%
Short Story 1906 The Redemption of John Churchill
0%
Short Story 1908 The Revolt of Mary Isabel
0%
Short Story 1902 The Romance of Aunt Beatrice
0%
Short Story 1912 The Romance of Jedediah
0%
Poem 1916 The Rovers
0%
Short Story 1903 The Running Away of Chester
0%
Short Story 1905 The Schoolmaster's Letter
0%
Poem 2019 The Sea-Shell
0%
Poem 1916 The Sea Spirit
0%
Poem 1916 The Sea to the Shore
0%
Poem 1916 The Seeker
0%
Journal Collection 1985-2004 The Selected Journals of L.M. Montgomery
0%
Short Story 1901 The Setness of Theodosia
0%
Poem 2019 The Singer
0%
Short Story 1904 The Softening of Miss Cynthia
0%
Short Story 1901 The Story of an Invitation
0%
Short Story 1906 The Story of Uncle Dick
0%
Short Story 1903 The Strike at Putney
0%
Poem 2019 The Summons
0%
Poem 1916 The Three Songs
0%
Short Story 1899 The Touch of Fate
0%
Poem 2019 The Treasures
0%
Poem 1916 The Truce O' Night
0%
Short Story 1922 The Tryst of the White Lady
0%
Short Story 1908 The Twins and a Wedding
0%
Short Story 1905 The Understanding of Sister Sara
0%
Short Story 1906 The Unforgotten One
0%
Short Story 1903 The Unhappiness of Miss Farquhar
0%
Poem 1916 The Voyagers
0%
Short Story 1901 The Waking of Helen
0%
Poem 1916 The Watchman
0%
Poetry Collection 1916 The Watchman and Other Poems
0%
Short Story 1899 The Way of Winning Anne
0%
Poem 1916 The Wind
0%
Poem 2019 The Wind in the Poplars
0%
Poem 1916 The Wood Pool
0%
Short Story 1906 The Wooing of Bessy
0%
Poem 2019 Three Days
0%
Poem 1916 To My Enemy
0%
Poem 2019 Too Late
0%
Poem 1916 Twilight
0%
Poem 1916 Twilight and I Went Hand in Hand
0%
Poem 1916 Twilight in the Garden
0%
Poem 1916 Two Loves
0%
Poem 1916 Unrecorded
0%
Poem 2019 We Who Wait
0%
Poem 2019 What I Would Ask of Life
0%
Short Story 1905 When Jack and Jill Took a Hand
0%
Poem 1916 When the Dark Comes Down
0%
Poem 2019 When the Fishing Boats Come In
0%
Poem 1916 When the Fishing Boats Go Out
0%
Short Story 1921 White Magic
0%
Short Story 1903 Why Mr. Copper Changed His Mind
0%
Short Story 1904 Why Not Ask Miss Price?
0%
Poem 1916 With Tears They Buried You To-day
0%
Poem 1916 You
0%
Short Story 1901 Young Si
0%
No matching quizzes found
Score Distribution
Percent of People with Each Score
Percentile by Number Answered
Your Score History
You have not taken this quiz